| 000 | 00369 a2200133 4500 | ||
|---|---|---|---|
| 001 | ART_6693 | ||
| 005 | 20260410161826.0 | ||
| 008 | 260409a | ||
| 245 | 1 | 0 | _aAlimentos diferenciados |
| 100 | 1 | _aRodriguez, Elsa | |
| 700 | 1 | _aLupín, Beatriz | |
| 700 | 1 | _aLacaze, María Victoria | |
| 773 | 0 |
_tFACES _g- Año 13, Nº 28 (ene./jun. 2007) _wREV5046 |
|
| 999 |
_c22812 _d22812 |
||